| 000 | 00488nam a2200181 a 4500 | ||
|---|---|---|---|
| 001 | 4300 | ||
| 003 | CO-ViMGA | ||
| 008 | 141112s2004 ck r 000 u spa d | ||
| 040 |
_aCO-ViMGA _bspa _cCO-ViMGA |
||
| 082 | 0 | 4 | _a921 W345c |
| 100 | 1 |
_aColes, Robert _954892 |
|
| 245 | 1 | 0 |
_aSimone weil : _bla historia de una moderna peregrinación |
| 260 |
_aBarcelona : _bGedisa, _c1989 |
||
| 300 | _a167 p | ||
| 490 | _aBiografia | ||
| 650 | 1 | 4 |
_aWEIL, SIMONE 1919 - 1943 _954893 |
| 942 |
_2ddc _cBK |
||
| 999 |
_c16313 _d16313 |
||